|
|
|
|
| LEADER |
00000nam a2200000 a 4500 |
| 001 |
UCY5900 |
| 003 |
CL-VaPUC |
| 008 |
950521e19890000SP |||||||||||||||||spa|d |
| 082 |
0 |
4 |
|a 193
|b HAB
|2 21
|
| 100 |
0 |
|
|a Habermas, Jürgen
|e author
|9 334312
|
| 245 |
1 |
0 |
|a Ciencia y técnica como ideología
|
| 300 |
|
|
|a 181 p
|
| 942 |
|
|
|c BK
|
| 945 |
|
|
|d 19950521 00:00:00
|a aalvarez
|
| 260 |
|
|
|a Madrid
|b Tecnos
|c 1989
|
| 650 |
|
0 |
|a Filosofía de las ciencias
|9 256466
|
| 583 |
|
|
|a last modification
|c 19950521 00:00:00
|k Rodrigo Vera
|
| 999 |
|
|
|c 233504
|d 233502
|
| 952 |
|
|
|0 0
|1 0
|4 0
|6 193_000000000000000_HAB_1989
|7 0
|8 A
|9 239083
|a BIBTEO
|b BIBTEO
|d 2019-11-18
|i 3085341
|o 193 HAB 1989
|p 3085341
|r 2025-01-17
|w 2019-11-18
|y BK
|k ICR
|